Statistiques concernant Noms de Pokémon par symboles d'éléments chimiques n°5

Cliquez ici pour prendre le quiz!

Statistiques générales

  • Ce quiz a été pris 255 fois
  • Le résultat moyen est 5 sur 5

Statistiques - réponses

Eléments chimiquesPokémon% Correct
Argon-Carbone-Potassium-OxygèneArcko
96%
Carbone-Hydrogène-Argon-Iode-Bore-Argon-IodeCharibari
91%
Fer-Lithium-Azote-Fer-Radon-OxygèneFélinferno
91%
Bore-Oxygène-Rhénium-ArsenicBoréas
90%
Vanadium-Iode-Soufre-Potassium-Uranium-SéléniumViskuse
85%

Distribution des résultats

Percentile par nombre de réponses

% des personnes avec chaque résultat

Votre développement - résultats

Vous n’avez pas pris ce quiz